| 000 | 00926nam a22002417a 4500 | ||
|---|---|---|---|
| 999 |
_c18972 _d18972 |
||
| 003 | AR-CdUCM | ||
| 008 | 190516b ||||| |||| 00| 0 spa d | ||
| 040 |
_aMUNICIPALIDAD PROVINCIAL DEL CUSCO _cBIBLIOTECA MUNICIPAL DEL CUSCO |
||
| 041 | _heng | ||
| 082 |
_a510.8 / _bT36 |
||
| 110 |
_aCentro regional de ayuda técnica _910048 |
||
| 245 |
_aMedida : _bnational council of teachers of mathematics U.S.A. / |
||
| 260 |
_aMéxico : _bTrillas, _c1970. |
||
| 300 |
_a62 páginas ; _c23.5 cm. |
||
| 440 |
_aTemas de matemática ; _919934 |
||
| 505 | _aContenido: Procedimientos para hacer comparaciones -- La teoría de medida -- Formas de medir -- Cual es el brillo de una estrella ... | ||
| 650 |
_aMedida _939943 |
||
| 650 |
_aComparaciones cualitativas _939944 |
||
| 650 |
_aComparaciones cuantitativas _939945 |
||
| 700 |
_aVelasco Coba, Federico (traductor) _939946 |
||
| 942 |
_2ddc _cLIBROS |
||
| 945 |
_aacv _d2019-05-16 |
||